| 000 -CABECERA |
| campo de control de longitud fija |
00840nam a2200229 u 4500 |
| 001 - NÚMERO DE CONTROL |
| campo de control |
000056063 |
| 005 - FECHA Y HORA DE LA ÚLTIMA TRANSACCIÓN |
| campo de control |
20200120223217.0 |
| 008 - DATOS DE LONGITUD FIJA--INFORMACIÓN GENERAL |
| campo de control de longitud fija |
130612s1990 ck gr 000 0 spa d |
| 020 ## - NÚMERO INTERNACIONAL ESTÁNDAR DEL LIBRO |
| Número Internacional Estándar del Libro |
9586430006 |
| 041 0# - CÓDIGO DE LENGUA |
| Código de lengua del texto/banda sonora o título independiente |
spa |
| 082 04 - NÚMERO DE LA CLASIFICACIÓN DECIMAL DEWEY |
| Número de clasificación |
R 327.73098 |
| Número de documento/Ítem |
G71 |
| Número de edición |
21 |
| 245 10 - MENCIÓN DE TÍTULO |
| Título |
La Gran Colombia y los Estados Unidos de América : |
| Resto del título |
relaciones diplomáticas, 1810-1831 / |
| Mención de responsabilidad, etc. |
compiladores Luis Horacio López D. ; prólogo Julio Londoño Paredes. |
| 250 ## - MENCIÓN DE EDICIÓN |
| Mención de edición |
1a. ed. |
| 260 ## - PUBLICACIÓN, DISTRIBUCIÓN, ETC. |
| Lugar de publicación, distribución, etc. |
Bogotá : |
| Nombre del editor, distribuidor, etc. |
Fundación Francisco de Paula Santander, |
| Fecha de publicación, distribución, etc. |
1990. |
| 300 ## - DESCRIPCIÓN FÍSICA |
| Extensión |
1 v. |
| 490 #0 - MENCIÓN DE SERIE |
| Mención de serie |
Biblioteca de la Presidencia de la República. |
| -- |
Administración Virgilio Barco. |
| 650 17 - PUNTO DE ACCESO ADICIONAL DE MATERIA--TÉRMINO DE MATERIA |
| Término de materia o nombre geográfico como elemento de entrada |
Historia |
| Fuente del encabezamiento o término |
LEMB |
| 650 27 - PUNTO DE ACCESO ADICIONAL DE MATERIA--TÉRMINO DE MATERIA |
| Término de materia o nombre geográfico como elemento de entrada |
Diplomacia |
| Fuente del encabezamiento o término |
LEMB |
| 650 27 - PUNTO DE ACCESO ADICIONAL DE MATERIA--TÉRMINO DE MATERIA |
| Término de materia o nombre geográfico como elemento de entrada |
Independencia |
| Fuente del encabezamiento o término |
LEMB |
| 700 1# - PUNTO DE ACCESO ADICIONAL--NOMBRE DE PERSONA |
| Nombre de persona |
López Domínguez, Luis Horacio, |
| Término indicativo de función/relación |
comp. |
| 700 1# - PUNTO DE ACCESO ADICIONAL--NOMBRE DE PERSONA |
| Nombre de persona |
Londoño Paredes, Julio, |
| Término indicativo de función/relación |
prol. |